| 000 | 01214cam a22003497a 4500 | ||
|---|---|---|---|
| 999 |
_c8171 _d8171 |
||
| 003 | OSt | ||
| 005 | 20200808114841.0 | ||
| 008 | 100318s2009 enkab b 001 0 eng | ||
| 010 | _a 2009674564 | ||
| 016 | 7 |
_a015308307 _2Uk |
|
| 016 | 7 |
_a015303149 _2Uk |
|
| 020 | _a9781906093228 (hbk.) | ||
| 020 | _a1906093229 (hbk.) | ||
| 020 | _a9781906093211 (hbk.) | ||
| 020 | _a1906093210 (hbk.) | ||
| 035 | _a(OCoLC)ocn423602070 | ||
| 042 |
_aukblcatcopy _alccopycat |
||
| 050 | 0 | 0 |
_aHT166 _b.G689 2009 |
| 082 | 0 | 4 |
_a363.738746091732 _222 |
| 245 | 0 | 0 |
_aGreen CITYnomics : _bthe urban war against climate change / _cedited by Kenny Tang ; with special assistance from Lorraine Tang. |
| 260 |
_aSheffield : _bGreenleaf, _cc2009. |
||
| 300 |
_axiii, 298 p. : _bill., maps ; _c24 cm. |
||
| 504 | _aIncludes bibliographical references and index. | ||
| 650 | 0 |
_aCity planning _xClimatic factors. |
|
| 650 | 0 | _aSustainable urban development. | |
| 650 | 0 | _aGreenhouse gas mitigation. | |
| 700 | 1 | _aTang, Kenny. | |
| 700 | 1 | _aTang, Lorraine. | |
| 906 |
_a7 _bcbc _ccopycat _d2 _encip _f20 _gy-gencatlg |
||
| 942 | _2ddc | ||